000
00280nam a2200133Ia 4500
100
_a
Fayol Henri.
942
_c
BK
654
_a
Management.
245
_a
General & industrial management.
260
_b
Pitman &sons
_c
2001
082
_a
658
300
_a
110
546
_a
ENGLISH
999
_c
31838
_d
31838